<?xml version="1.0" encoding="UTF-8"?>
<record
    xmlns:xsi="http://www.w3.org/2001/XMLSchema-instance"
    xsi:schemaLocation="http://www.loc.gov/MARC21/slim http://www.loc.gov/standards/marcxml/schema/MARC21slim.xsd"
    xmlns="http://www.loc.gov/MARC21/slim">

  <leader>00677nam a2200181 i 4500</leader>
  <controlfield tag="001">99238</controlfield>
  <controlfield tag="003">ES-MaACL</controlfield>
  <controlfield tag="005">20230906182450.0</controlfield>
  <controlfield tag="007">t|</controlfield>
  <controlfield tag="008">050906s1962    sp           ||||1| spa d</controlfield>
  <datafield tag="100" ind1="1" ind2=" ">
    <subfield code="a">Mart&#xED;n Lobo, Manuel.</subfield>
    <subfield code="9">77540</subfield>
  </datafield>
  <datafield tag="245" ind1="1" ind2="3">
    <subfield code="a">Un luchador extreme&#xF1;o </subfield>
    <subfield code="b">: La conquista del Guadiana (el plan de Badajoz). Art&#xED;culos, charlas, conferencias sobre el tema / </subfield>
    <subfield code="c">por Manuel Mart&#xED;n Lobo.</subfield>
  </datafield>
  <datafield tag="260" ind1=" " ind2=" ">
    <subfield code="a">Badajoz : </subfield>
    <subfield code="b">[s.n.], </subfield>
    <subfield code="c">1962 (</subfield>
    <subfield code="f">Imp. Excma Diputaci&#xF3;n Provincial)</subfield>
  </datafield>
  <datafield tag="300" ind1=" " ind2=" ">
    <subfield code="a">497 p. ; </subfield>
    <subfield code="c">26 cm.</subfield>
  </datafield>
  <datafield tag="651" ind1=" " ind2="4">
    <subfield code="a">Badajoz (Provincia)-</subfield>
    <subfield code="x">Planes econ&#xF3;micos.</subfield>
    <subfield code="9">7852</subfield>
  </datafield>
  <datafield tag="651" ind1=" " ind2=" ">
    <subfield code="a">Extremadura-</subfield>
    <subfield code="x">Descripci&#xF3;n.</subfield>
    <subfield code="9">8644</subfield>
  </datafield>
  <datafield tag="852" ind1=" " ind2=" ">
    <subfield code="a">ES-MaACL</subfield>
    <subfield code="j">C-21962 </subfield>
    <subfield code="b">R.50737</subfield>
  </datafield>
  <datafield tag="999" ind1=" " ind2=" ">
    <subfield code="c">99238</subfield>
    <subfield code="d">99238</subfield>
  </datafield>
  <datafield tag="952" ind1=" " ind2=" ">
    <subfield code="0">0</subfield>
    <subfield code="1">0</subfield>
    <subfield code="4">0</subfield>
    <subfield code="7">0</subfield>
    <subfield code="a">ATENEOM</subfield>
    <subfield code="b">ATENEOM</subfield>
    <subfield code="c">Galer&#xED;a</subfield>
    <subfield code="d">2008-01-17</subfield>
    <subfield code="e">SC</subfield>
    <subfield code="l">0</subfield>
    <subfield code="o">C-21962</subfield>
    <subfield code="p">1103622</subfield>
    <subfield code="r">2023-02-23 00:00:00</subfield>
    <subfield code="w">2023-02-23</subfield>
    <subfield code="y">MONOGRAFIA</subfield>
  </datafield>
</record>
